00651nam a2200193Ia 4500008004100000020001400041082001400055100002600069245004400095250000800139260004500147300002600192500001900218600002100237650005000258942000700308952012700315999001500442240925s9999 xx 000 0 und d a130104701 a005.1 SCH aSchulmeyer ,G. Gordon 0aHand Book of Software Quality Assurance a3rd aNew Jersey:bPrintice- Hall Int.c,1999. ax,705p.bNAfOriginal aIncludes Index aComputer Science aComputer science, information & general works cBK 001040708SEaUITUbUITUd2002-09-17eFair Book Centerg775.00l0o005.1 SCHpQ4625r2024-09-25 07:13:34w2024-09-25yBK c7124d7124